Bandkeramik und Stichbandkeramik an der Küste Vorpommerns
| Titel: | Bandkeramik und Stichbandkeramik an der Küste Vorpommerns |
|---|---|
| Verfasser: | |
| Beteiligt: | |
| In: |
Schutz des Kulturerbes unter Wasser, (2000), Seite 451-456 alle Artikel anzeigen |
| Veröffentlicht: | 2000 |
| Format: | Aufsatz |
| Sprache: | Deutsch |
X
alg: 39152844 001A $01999:11-11-16 001B $01999:28-04-17 $t14:22:05.000 001D $01999:11-11-16 001U $0utf8 001X $00 002@ $0Aox 003@ $0391528440 007A $0391528440 $aHEB 007T $0Herd35924 010@ $ager 011@ $a2000 021A $aBandkeramik und Stichbandkeramik an der Küste Vorpommerns 028A $aMertens $dEva-Maria 028B/01 $aSchirren $dCarl Michael 031A $h451-456 $j2000 037A $aengl. Res. 455 039B $aIn $8--Aau--. Schutz des Kulturerbes unter Wasser. - Lübstorf : Archäologisches Landesmuseum Mecklenburg-Vorpommern, 2000. - 623 S.. - zahlr. Ill., graph. Darst., Kt. $x200000000000000549 $9098534580 lok: 39152844 78 exp: 39152844 78 1 #EPN 201B/01 $003-04-17 $t17:56:08.000 201U/01 $0utf8 203@/01 $0787622605 208@/01 $a11-11-16 $be 209A/01 $a/ $f000 $x00 220C/01 $aTitelaufnehmer: cs 244Z/01 $2Trx $#Pomeranija $#Pommern $#Pomoransko $#Pomořansko $#Hinterpommern;Vorpommern;Mittelpommern $#Pomorze Środkowe;Pomorze Przednie $#Pomořansko;Západní Pomořany; Pomořany $8--Trx--Pomorze Zachodnie $x01 $9391303775 244Z/01 $2Trx $#paelkeraamika kultuur $#virvelinės keramikos kultūra? $#linear pottery culture $#korong kerámia kultúra $#kultura ceramiki wstęgowej $#kultúra páskovej keramiky $#kultura s páskovou keramikou $#Linearbandkeramik $#kultúra lineárnej keramiky $#kultura s lineární keramikou $8--Trx--Bandkeramik$gKultur $x02 $9391381040 244Z/01 $2Trx $8--Trx--Einzelbeiträge $x03 $9391384570 245Z/01 $a05.02 $x01 247C/01 $82080>Marburg/Lahn, Herder-Institut, Forschungsbibliothek, Bibliographieportal $9336309341
| LEADER | 00000caa a22000002c 4500 | ||
|---|---|---|---|
| 001 | 391528440 | ||
| 003 | DE-603 | ||
| 005 | 20170428142205.0 | ||
| 007 | tu | ||
| 008 | 161111s2000 xx |||| | u00||u|ger c | ||
| 035 | |a (DE-599)HEB391528440 | ||
| 040 | |a DE-603 |b ger |c DE-603 |d DE-603 | ||
| 041 | |a ger | ||
| 100 | 1 | |a Mertens, Eva-Maria | |
| 245 | 0 | 0 | |a Bandkeramik und Stichbandkeramik an der Küste Vorpommerns |
| 264 | 0 | |c 2000 | |
| 500 | |a engl. Res. 455 | ||
| 700 | 1 | |a Schirren, Carl Michael | |
| 773 | 0 | 8 | |i In |t Schutz des Kulturerbes unter Wasser |d Lübstorf : Archäologisches Landesmuseum Mecklenburg-Vorpommern, 2000 |h 623 S., zahlr. Ill., graph. Darst., Kt. |g (2000), Seite 451-456 |w (DE-603)098534580 |
| 924 | 0 | |9 2080 |a (DE-603)787622605 |b DE-2080 |c HES |d d |g / | |


